迷你思考:麥肯錫超高效率工作計畫術,用最少的力量,獲得最大的成果! (Record no. 4308)
[ view plain ]
| 000 -記錄標示 | |
|---|---|
| fixed length control field | 00352nam a2200109Ia 4500 |
| 003 - 控制號標識 | |
| 控制識別號 | yeezen |
| 005 - 最後更新時間 | |
| control field | 20201027131931.0 |
| 008 - 定長欄資料代碼 | |
| fixed length control field | 180213s9999||||xx |||||||||||||| ||und|| |
| 020 ## - 國際標準書號 | |
| 價格與相關資訊 | NT315 |
| 國際標準書號 | 978-986-95069-5-3 |
| 100 ## - 主要款目--主要著者 | |
| 個人姓名 | 高詹燦 |
| 245 #0 - 題名及著者敘述項 | |
| 著者敍述 | 高詹燦 |
| 正題名 | 迷你思考:麥肯錫超高效率工作計畫術,用最少的力量,獲得最大的成果! |
| 250 ## - 版本項 | |
| 版本敍述 | 初版 |
| 260 ## - 出版項 | |
| 出版年 | 2017 |
| 出版地 | 台北市 |
| 942 ## - 附加款目元素 (KOHA) | |
| 分類法來源 | 中文圖書分類法 |
| Koha 館藏類型 | 一般圖書 |
| 撤銷狀態 | 遺失狀態 | 分類號來源 | 損壞狀態 | 不外借 | 永久館藏地 | 現在館藏地 | 採購日期 | 全部借出 | 全部續借 | 完整索書號 | 條碼號 | 最後一次日期記錄 | Date last checked out | 一般價格有效日期 | Koha館藏類型 | 公開資訊 |
|---|---|---|---|---|---|---|---|---|---|---|---|---|---|---|---|---|
| 未註銷館藏 | 未遺失 | 中文圖書分類法 | 未損毀 | 可外借 | 怡仁綜合醫院圖書館 | 怡仁綜合醫院圖書館 | 2018-02-13 | 1 | 1 | 494.35 | C02392 | 2018-08-27 | 2018-06-19 | 2018-02-13 | 一般圖書 | 所謂的「迷你」,就是以「最少、最小」的力量,獲得最大成果的思考方法。懂得「迷你思考」的人,不會同時處理多項工作,而是將焦點放在最重要的事情上,「捨棄」其他事,所以才能以最低限度的付出,展現最高限度的成果。 |